000 00446nam a2200181Ia 4500
001 25631
003 IN-NITTTR
005 20251114233324.0
008 251113s9999||||xx |||||||||||||| ||eng||
040 _beng
040 _cIN-NITTTR
041 _aeng
082 _a423.914203 E36
245 0 _aEnglish-Punjabi Gurmukhi-dictionary /
_cBalwant, S., ed., Atwal, Jasvir
700 _a Atwal, Jasvir
700 _aBalwant, S.
942 _2ddc
_cBK
999 _c28260
_d28260